• 首页
  • 本馆介绍
  • 公告通知
  • 最新文献
  • 馆藏检索
  • 电子资源
  • 读者导购
  • 参考咨询
  • 我的图书馆
  • 登录
  • 详细信息显示
  • 放入我的书架
  • 预约/预借图书
  • 作者相关作品
  • 分类相关作品
  • 丛书相关作品
  • 出版社相关作品

书目信息

  • 表格格式
  • 工作单格式
  • 卡片格式
题名:
家用电脑常见故障检修方法与实例
    
 
作者: 杨照
分册:  
出版信息: 北京   人民邮电出版社  2000.11
页数: 297页
开本: 16开
丛书名: 天线电维修精华丛书
单 册:
中图分类: TP368.3
科图分类:
主题词: 微型计算机
电子资源:
ISBN: 7-115-08751-2
000 00642nam0 2200217 45
001 0308271066
005 20030827105735.3
010    @a7-115-08751-2@d26.00元
100    @a20030827d2000 km y0chiy0120 ea
101    @achi
105    @a z 000yy
200 1  @a家用电脑常见故障检修方法与实例@Ajia yong dian nao chang jian gu zhang jian xiu fang fa yu shi li@f杨照@Fyang zhao
210    @a北京@c人民邮电出版社@d2000.11
215    @a297页@d16开
225 2  @a天线电维修精华丛书
410  0 @12001 @a天线电维修精华丛书
606 0  @a微型计算机
690    @aTP368.3@v3
701  0 @a杨照
801    @aCN@b@c20030827
905    @aBZT@dTP368.3@e29
    
    家用电脑常见故障检修方法与实例/杨照.-北京:人民邮电出版社,2000.11
    297页;16开.-(天线电维修精华丛书)
    
    
    ISBN 7-115-08751-2:26.00元
    
●
相关链接 在五车中查询图书 在当当中查询图书 在豆瓣中查询图书


正题名:家用电脑常见故障检修方法与实例     索取号:TP368.3/29         预约/预借

序号 登录号 条形码 馆藏地/架位号 状态 备注
1 107280   200048787   中心书库中库/ 中库027架A面5列5层10/ [索取号:TP368.3/29] 在馆    
2 107281   200455738   中心书库中库/ 中库027架A面5列5层11/ [索取号:TP368.3/29] 在馆    
山东省滨州职业学院图书馆 欢迎您!
大连网信软件有限公司© 版权所有